| 000 | 00523nam a2200181 i 4500 | ||
|---|---|---|---|
| 001 | 27239 | ||
| 003 | ES-MaACL | ||
| 005 | 20250809033902.0 | ||
| 007 | t| | ||
| 008 | 030114s1963 sp ||||1| spa d | ||
| 100 | 1 |
_aAsís, Agustín de. _923619 |
|
| 245 | 1 | 0 |
_aManual de derecho natural / _cAgustín de Asís. |
| 260 |
_aGranada : _b[s.n.], _c1963 ( _fImp. Urania) |
||
| 300 |
_a1 v. ; _c25 cm. |
||
| 650 | 0 | 7 |
_aDerecho natural _2embne _911744 |
| 852 |
_aES-MaACL _jP-815-bis _bR.53725 |
||
| 999 |
_c27239 _d27239 |
||